000 00346nam a2200133Ia 4500
005 20260328101527.0
008 260328s9999||||xx |||||||||||||| ||und||
100 _aPeters, Nils
245 0 _aJean Prouvé :
_b La dinámica de la creación (1901-1984) /
_cNils Peters
260 _bTaschen
300 _a96 p.
650 _aARQUITECTOS
942 _cBK
999 _c9825
_d9825